Nicaragua
Guardado en:
| Autor principal: | |
|---|---|
| Formato: | Texto |
| Publicado: |
San Salvador:
FLACSO. Programa El Salvador
|
| Materias: | |
| Etiquetas: |
Agregar Etiqueta
Sin Etiquetas, Sea el primero en etiquetar este registro!
|
MARC
| LEADER | 00000 a a2200000 04500 | ||
|---|---|---|---|
| 001 | 27039 | ||
| 003 | |||
| 040 | |||
| 090 | |a 183319 | ||
| 100 | |a Ortega, Manuel | ||
| 245 | |a Nicaragua | ||
| 260 | |a San Salvador: |b FLACSO. Programa El Salvador | ||
| 300 | |a 231 p; vol. 5 |b **no definido** |b fonodiscos | ||
| 650 | |a CIUDADANIA | ||
| 650 | |a GOBIERNO CENTRAL | ||
| 650 | |a GOBIERNO LOCAL | ||
| 650 | |a GOBIERNO LOCAL | ||
| 650 | |a IMPUESTOS | ||
| 650 | |a GOBIERNO CENTRAL | ||
| 999 | |c 10806 |d 10806 | ||
